[Event "Forni di Sopra Dolomiti 2018"]
[Site "Forni di Sopra"]
[Date "2018.06.13"]
[Round "6.7"]
[White "Qendro, Llambi"]
[Black "Sgircea, Silvia-Raluca"]
[Result "1/2-1/2"]
[WhiteElo "2334"]
[BlackElo "2204"]
[Annotator "NA"]
[PlyCount "37"]
[EventDate "2018.??.??"]
[EventType "swiss"]
[EventCountry "ITA"]
[SourceTitle "playchess.com"]
[Source "ChessBase"]
[SourceQuality "1"]
[TimeControl "40/5400+30:1800+30"]

1. d4 {[%emt 0:00:30]} d5 {[%emt 0:01:00]} 2. c4 {[%emt 0:00:00]} dxc4 {[%emt 0:00:00]} 3. Nf3 {[%emt 0:00:00]} Nf6 {[%emt 0:00:00]} 4. e3 {[%emt 0:00:30]} e6 {[%emt 0:00:00]} 5. Bxc4 {[%emt 0:00:30]} c5 {[%emt 0:00:00]} 6. O-O {[%emt 0:00:30]} a6 {[%emt 0:00:30]} 7. a4 {[%emt 0:00:30]} Nc6 {[%emt 0:00:00]} 8. Qe2 {[%emt 0:00:30]} Qc7 {[%emt 0:00:00]} 9. Rd1 {[%emt 0:01:30]} Bd6 {[%emt 0:00:30]} 10. dxc5 {[%emt 0:00:30]} Bxc5 {[%emt 0:00:30]} 11. b3 {[%emt 0:02:30]} O-O {[%emt 0:00:00]} 12. Bb2 {[%emt 0:00:30]} b6 {[%emt 0:00:00]} 13. Nc3 {[%emt 0:15:30]} Bb7 {[%emt 0:04:30]} 14. Rac1 {[%emt 0:06:30]} Na5 {[%emt 0:18:30]} 15. Na2 {[%emt 0:07:30]} Qe7 {[%emt 0:05:30]} 16. Ne5 {[%emt 0:06:30]} Rfc8 {[%emt 0:18:30]} 17. Bc3 {[%emt 0:06:30]} Nxc4 {[%emt 0:00:30]} 18. Nxc4 {[%emt 0:00:30]} a5 {[%emt 0:00:30]} 19. Bd4 1/2-1/2

[Event "Forni di Sopra Dolomiti 2018"]
[Site "Forni di Sopra"]
[Date "2018.06.13"]
[Round "6.9"]
[White "Strikovic, Aleksa"]
[Black "Dappiano, Andrea"]
[Result "1-0"]
[WhiteElo "2493"]
[BlackElo "2279"]
[Annotator "TA"]
[PlyCount "43"]
[EventDate "2018.??.??"]
[EventType "swiss"]
[EventCountry "ITA"]
[SourceTitle "playchess.com"]
[Source "ChessBase"]
[SourceQuality "1"]

{[%evp 20,43,10,6,9,0,37,43,37,51,84,79,100,85,87,87,106,90,310,302,302,299,318,310,969,884]} 1. c4 e5 2. Nc3 Nc6 3. Nf3 g6 4. d4 exd4 5. Nxd4 Bg7 6. Nxc6 bxc6 7. g3 Ne7 8. Bg2 O-O 9. O-O d6 10. Qa4 Bd7 11. c5 d5 {A27: English Opening: Three Knights Variation} 12. Rd1 Qc8 13. Be3 $146 ({Predecessor:} 13. e4 Re8 14. Be3 Bg4 15. f3 Bh3 16. Bd4 {½-½ (16) Fernandez Manrique,A (2137)-Sarmiento Afonso,S (2238) Las Palmas 2005}) 13... Bh3 {White is slightly better.} 14. Bd4 f6 15. Bh1 Qe6 16. e4 dxe4 17. Bxe4 Rad8 18. Re1 {[#] aiming for Bg2.} ({But not} 18. Qxa7 $2 Nf5 $19) 18... Rxd4 $2 (18... Qf7 $16) 19. Qxd4 $18 f5 20. Bd5 $1 {[%cal Rd5e6]} Qxd5 21. Nxd5 Nxd5 $2 {[#]} (21... Bxd4 22. Nxe7+ Kh8 23. Nxc6 Bxc5) 22. Qa4 1-0

[Event "Forni di Sopra Dolomiti 2018"]
[Site "Forni di Sopra"]
[Date "2018.06.13"]
[Round "6.10"]
[White "Dobboletta, Alex"]
[Black "Ceschia, Ivano"]
[Result "1/2-1/2"]
[WhiteElo "2105"]
[BlackElo "2325"]
[Annotator "NA"]
[PlyCount "29"]
[EventDate "2018.??.??"]
[EventType "swiss"]
[EventCountry "ITA"]
[SourceTitle "playchess.com"]
[Source "ChessBase"]
[SourceQuality "1"]
[TimeControl "40/5400+30:1800+30"]

1. c4 {[%emt 0:04:30]} Nf6 {[%emt 0:02:00]} 2. Nc3 {[%emt 0:00:30]} d5 {[%emt 0:00:00]} 3. cxd5 {[%emt 0:01:30]} Nxd5 {[%emt 0:01:00]} 4. e4 {[%emt 0:00:30]} Nxc3 {[%emt 0:01:30]} 5. dxc3 {[%emt 0:00:30]} Qxd1+ {[%emt 0:00:30]} 6. Kxd1 {[%emt 0:00:00]} e5 {[%emt 0:00:30]} 7. Be3 {[%emt 0:02:00]} Be6 {[%emt 0:07:30]} 8. Nf3 {[%emt 0:07:30]} f6 {[%emt 0:02:30]} 9. Nd2 {[%emt 0:02:30]} Nd7 {[%emt 0:05:30]} 10. Bc4 {[%emt 0:00:30]} Bxc4 {[%emt 0:04:30]} 11. Nxc4 {[%emt 0:00:00]} a5 {[%emt 0:00:00]} 12. Ke2 {[%emt 0:06:00]} b5 {[%emt 0:02:00]} 13. Nd2 {[%emt 0:00:30]} Bc5 {[%emt 0:01:30]} 14. a4 {[%emt 0:02:30]} c6 {[%emt 0:04:30]} 15. b4 {[%emt 0:16:30]} 1/2-1/2

[Event "Forni di Sopra Dolomiti 2018"]
[Site "Forni di Sopra"]
[Date "2018.06.13"]
[Round "6.12"]
[White "De Santis, Alessio"]
[Black "Battistella, Stefano"]
[Result "1/2-1/2"]
[WhiteElo "2260"]
[BlackElo "2054"]
[Annotator "NA"]
[PlyCount "27"]
[EventDate "2018.??.??"]
[EventType "swiss"]
[EventCountry "ITA"]
[SourceTitle "playchess.com"]
[Source "ChessBase"]
[SourceQuality "1"]
[TimeControl "40/5400+30:1800+30"]

1. b3 {[%emt 0:00:30]} e5 {[%emt 0:01:00]} 2. Bb2 {[%emt 0:00:30]} Nc6 {[%emt 0:00:00]} 3. e3 {[%emt 0:00:30]} Nf6 {[%emt 0:02:00]} 4. Nf3 {[%emt 0:02:30]} e4 {[%emt 0:02:30]} 5. Nd4 {[%emt 0:00:30]} Nxd4 {[%emt 0:00:30]} 6. Bxd4 {[%emt 0:00:00]} Be7 {[%emt 0:01:30]} 7. c4 {[%emt 0:01:00]} O-O {[%emt 0:01:30]} 8. Be2 {[%emt 0:00:30]} d6 {[%emt 0:02:30]} 9. Qc2 {[%emt 0:01:30]} b6 {[%emt 0:03:30]} 10. f4 {[%emt 0:09:30]} Bb7 {[%emt 0:02:30]} 11. Nc3 {[%emt 0:13:30]} c5 {[%emt 0:08:30]} 12. Bxf6 {[%emt 0:02:30]} Bxf6 {[%emt 0:00:00]} 13. Rd1 {[%emt 0:00:30]} Re8 {[%emt 0:02:00]} 14. O-O {[%emt 0:01:30]} 1/2-1/2

[Event "Forni di Sopra Dolomiti 2018"]
[Site "Forni di Sopra"]
[Date "2018.06.14"]
[Round "7.1"]
[White "Calzetta Ruiz, Monica"]
[Black "Bellia, Fabrizio"]
[Result "1/2-1/2"]
[WhiteElo "2289"]
[BlackElo "2428"]
[Annotator "TA"]
[PlyCount "120"]
[EventDate "2018.??.??"]
[EventType "swiss"]
[EventCountry "ITA"]
[SourceTitle "playchess.com"]
[Source "ChessBase"]
[SourceQuality "1"]

{[%evp 30,120,0,-25,-21,-25,-20,-18,0,12,19,16,33,0,14,0,10,18,43,35,33,34,82,58,93,85,98,32,48,20,41,51,47,41,51,0,10,17,29,0,11,-13,-7,-10,12,-55,-56,-55,-55,-68,0,0,0,0,12,16,16,17,29,-25,22,22,27,12,12,12,12,0,2,2,10,2,2,4,4,10,45,36,39,39,105,54,56,0,104,12,12,12,12,0,12,0,27]} 1. e4 e5 2. Nf3 Nc6 3. Bb5 {[%cal Bf1b5,Bb5a4,Ba4b3][%mdl 32]} a6 4. Ba4 Nf6 5. O-O Be7 6. Re1 b5 7. Bb3 d6 8. c3 O-O 9. d4 {[%cal Bd2d4,Bd4d5][%mdl 32]} Bg4 10. d5 Na5 11. Bc2 Qc8 12. h3 Bd7 13. Nbd2 c6 14. dxc6 Qxc6 15. Nf1 Rfc8 {C91: Closed Ruy Lopez: 7...d6 8 c3 0-0 9 d4} 16. Bd3 {LiveBook: 5 Games} (16. Ne3 Nc4 17. Nf5 Bxf5 18. exf5 h6 19. a4 Bd8 20. b3 Nb6 21. axb5 axb5 22. Rxa8 Rxa8 23. Bb2 {½-½ (80) Perunovic,M (2622)-Karjakin,S (2762) Berlin 2015}) 16... Nb7 17. Ng3 Nc5 {Black has an edge.} 18. Bc2 {[#]} h6 $146 ({Predecessor:} 18... a5 19. Bd2 Bd8 20. Rc1 Be6 21. Bb1 Nfd7 22. Nd4 exd4 23. cxd4 {1-0 (74) Shachar,E (2374)-Schroeder,J (2550) Caleta 2017}) 19. Nh4 Be6 20. Nhf5 Bf8 21. Qf3 Ncd7 22. Nh5 $36 {[%mdl 2048] White fights for an advantage.} Nxh5 23. Qxh5 Nf6 24. Qh4 {[%cal Rf5h6] And now Nxh6+! would win.} Bxf5 25. exf5 Qc4 26. Qg3 Kh8 27. Bb3 Qc7 28. Bd2 (28. Qh4 $1 $16) 28... Qd7 $14 29. Qf3 e4 30. Rxe4 $1 Nxe4 31. Qxe4 d5 32. Qxd5 ({Don't go for} 32. Bxd5 $2 Re8 $19) ({Better is} 32. Qf3 $14) 32... Qxd5 (32... Rd8 {keeps more tension.} 33. Qxd7 Rxd7 34. Bf4 Kg8 35. g3 Rc8) 33. Bxd5 Ra7 $1 {[%cal Ra7d7] ...Rd7 is the strong threat.} 34. Be3 Rd7 35. Bb3 Kg8 36. Re1 Re8 37. a4 ({White should play} 37. Kf1 $11) 37... Bc5 $1 $15 38. axb5 axb5 39. Kf1 $1 Rde7 (39... Bxe3 $15 40. fxe3 Re5) 40. Bd2 $11 Rxe1+ 41. Bxe1 {[%mdl 4096] Endgame KRB-KB} Ra8 42. Bd5 Ra6 43. b4 Bd6 44. Bd2 (44. Ke2 $142) 44... Kf8 (44... Bxb4 $5 45. cxb4 Rd6 46. Bxf7+ Kxf7 $15) 45. Ke2 Ke7 46. Kd3 f6 47. Be3 Kd7 48. g3 Ra3 {Strongly threatening ...Bxb4.} 49. Kc2 Be5 50. Bd2 Bb8 51. Kb2 Ra6 52. Be4 Be5 53. Bd3 Kc6 54. Be3 Bd6 {[#]} ({Black should try} 54... Bc7 $14) 55. Be4+ (55. g4 $1 $16) 55... Kc7 $14 56. Bd3 Kc6 {[#]} 57. Kb3 (57. g4 $1 $16) 57... Ra1 $11 {The position is equal.} 58. Be4+ Kc7 59. Bd3 Kc6 60. Be4+ Kc7 {Precision: White = 44%, Black = 47%.} 1/2-1/2

[Event "Forni di Sopra Dolomiti 2018"]
[Site "Forni di Sopra"]
[Date "2018.06.14"]
[Round "7.2"]
[White "Beshukov, Sergei"]
[Black "Stella, Andrea"]
[Result "1/2-1/2"]
[WhiteElo "2402"]
[BlackElo "2500"]
[Annotator "TA"]
[PlyCount "122"]
[EventDate "2018.??.??"]
[EventType "swiss"]
[EventCountry "ITA"]
[SourceTitle "playchess.com"]
[Source "ChessBase"]
[SourceQuality "1"]

{[%evp 21,122,0,0,0,0,0,0,0,0,0,0,0,0,0,0,0,49,45,53,0,0,0,0,0,0,0,0,0,0,0,0,0,11,0,0,-24,-15,-19,0,-1,0,0,0,0,0,0,0,0,0,9,16,16,16,16,19,12,80,80,96,96,96,88,102,100,98,88,104,77,88,77,77,77,77,67,75,31,31,31,31,31,31,29,29,29,29,29,29,29,29,29,60,0,0,0,0,0,0,0,0,0,0,0,0]} 1. Nf3 d5 2. g3 c5 3. Bg2 Nf6 4. O-O Nc6 5. d4 e6 6. c4 dxc4 7. Qa4 Bd7 8. Qxc4 b5 9. Qd3 c4 10. Qd1 Rc8 11. Bg5 {E04: Katalanisch} (11. Ne5 Bd6 12. Nxd7 Qxd7 13. Nc3 a6 14. Bg5 Be7 15. e3 O-O 16. Qe2 Rfd8 17. Rfd1 Nd5 18. Bxe7 Qxe7 {½-½ (55) Fedoseev,V (2718)-Yu,Y (2751) Riadh 2017}) 11... Be7 {LiveBook: 21 Partien} 12. Ne5 O-O 13. a4 a6 $1 14. axb5 axb5 15. Nxd7 Qxd7 16. e3 Nb4 $146 ({Vorgänger:} 16... Rb8 17. Bxf6 Bxf6 18. b3 Rfd8 19. bxc4 bxc4 {½-½ (28) Valeinis,J (2497)-Antonov,N (2429) ICCF email 2015}) 17. Nc3 Nbd5 18. Qe2 h6 19. Bxf6 Nxf6 20. Rfc1 (20. Ra6 $1 $14) 20... Rc7 $11 21. Ra5 Rb8 22. Rca1 Kh7 23. Ne4 g6 24. h4 h5 25. Ng5+ Kg7 26. Bh3 c3 27. bxc3 Nd5 28. Nf3 (28. Qf3 {is more complex.} Bxg5 29. hxg5 Qe7 30. Bf1 Qxg5 31. Bxb5 Rxc3 32. Ra7) 28... Nxc3 29. Qb2 Bf6 30. Ne1 Qe7 31. Nd3 e5 32. dxe5 Bxe5 33. Nxe5 Qxe5 34. Bf1 Qf6 35. Ra6 Rb6 36. Rxb6 Qxb6 37. Ra4 Qf6 38. Ra3 Ne4 (38... Rc5 $11) 39. Qxf6+ $16 Kxf6 40. Bxb5 {[%mdl 4096] Endspiel KTL-KTS} Kg7 41. Bd3 Re7 42. Kg2 Nf6 43. Ra6 Ng4 44. e4 Ne5 45. Be2 Rb7 46. Ra2 Rb4 47. f4 Ng4 48. Bxg4 (48. e5 {keeps more tension.} Rb3 49. Rd2 Kf8 50. Bd3 Ra3 51. Bb5) 48... hxg4 {KT-KT} 49. e5 {[%cal Be4e5,Be5e6,Be6e7][%mdl 32]} Rb3 50. Re2 Kf8 51. e6 f5 52. e7+ Ke8 53. Re6 Rb2+ 54. Kf1 Rb3 55. Kf2 Rb2+ 56. Ke1 ({Günstiger ist} 56. Ke3 $1 $14) 56... Rb3 $11 {Die Stellung ist ausgeglichen.} 57. Rxg6 Rxg3 58. Rg5 Kxe7 59. Rxf5 Ke6 60. Rg5 Rh3 61. h5 Rh2 {Precision: Weiß = 71%, Schwarz = 78%.} 1/2-1/2

[Event "Forni di Sopra Dolomiti 2018"]
[Site "Forni di Sopra"]
[Date "2018.06.14"]
[Round "7.3"]
[White "Santos Ruiz, Miguel"]
[Black "Castellanos Rodriguez, Renier"]
[Result "1-0"]
[WhiteElo "2527"]
[BlackElo "2501"]
[Annotator "TA"]
[PlyCount "123"]
[EventDate "2018.??.??"]
[EventType "swiss"]
[EventCountry "ITA"]
[SourceTitle "playchess.com"]
[Source "ChessBase"]
[SourceQuality "1"]

{[%evp 19,123,44,58,58,72,45,66,61,80,78,67,56,118,111,103,85,79,79,91,70,76,78,79,64,66,39,39,39,39,43,43,53,83,85,83,81,83,64,72,77,63,50,57,17,62,57,67,67,67,67,67,67,67,67,154,154,154,154,154,154,154,154,154,139,125,125,241,241,241,234,234,199,234,223,203,125,491,318,1352,1173,12834,12835,12833,12835,12836,12836,12837,12837,12836,12838,12837,0,12839,12839,12840,12840,12841,12839,12844,12844,12847,12847,12848,12848,12849,12849]} 1. d4 Nf6 2. c4 c5 3. d5 g6 4. Nc3 Bg7 5. e4 d6 6. Be2 O-O 7. h3 e6 8. Nf3 Na6 9. O-O exd5 10. exd5 Re8 11. Bd3 {E91: King's Indian: Classical: 6 Be2, unusual replies including 6...c5 and 6...Bg4} Nc7 12. Bg5 h6 13. Bh4 {[#] White is slightly better.} b5 $146 ({Predecessor:} 13... g5 14. Bg3 Nh5 15. Bh2 Bxc3 16. bxc3 f5 17. Nd2 Ng7 18. f4 Re3 19. fxg5 Rxd3 20. gxh6 {1-0 (33) Smirnov,P (2621)-Nevednichy,V (2553) Golden Sands 2014}) 14. cxb5 Bb7 15. Bc4 Qd7 (15... a6 $14) 16. Bxf6 $16 Bxf6 17. Qd3 Qf5 18. Qxf5 gxf5 19. Rfd1 Reb8 $1 20. a4 Bc8 21. Nd2 a6 22. Bf1 Bd7 23. Nc4 axb5 24. axb5 {[#] Threatens to win with b6.} Rxa1 25. Rxa1 {Hoping for Ra7.} Bxc3 26. bxc3 Nxd5 27. Nxd6 {aiming for c4.} Nxc3 28. Ra3 (28. Rc1 {keeps more tension.} Na4 29. Bc4 Rb6 30. Nxf7 Kg7 31. Rb1) 28... Ne4 29. Nxe4 fxe4 {[%mdl 4096] Endgame KRB-KRB} 30. Rc3 Rc8 ({Don't blunder} 30... Bxb5 $2 31. Rb3 $18) 31. Bc4 Rb8 32. Kh2 Rb7 33. Rb3 Be6 34. Bxe6 fxe6 $14 {KR-KR} 35. Kg3 c4 36. Rb1 c3 (36... e3 $1 $14) 37. Kf4 $16 c2 38. Rc1 Rxb5 39. Rxc2 Kf7 40. Kxe4 Kf6 41. g3 Rb4+ 42. Kf3 Ra4 (42... Rb5 $16 43. Kg4 Rg5+ 44. Kh4 Ra5) 43. h4 $18 {[%cal Bh3h4,Bh4h5][%mdl 32]} Rb4 44. Kg2 Ra4 45. Kh3 Rd4 46. Rc5 Rd2 47. f4 Rd8 $2 {[%mdl 8192] [#]} (47... Rd3 $16 {is more resistant.} 48. h5 Rd7) 48. h5 Ra8 $2 (48... Re8 49. g4 Re7 50. g5+ Kg7) 49. Rc7 e5 50. Rc6+ Kf5 51. g4+ Kxf4 52. Rf6+ Ke3 53. Rxh6 e4 54. Kh4 Re8 55. Rf6 $2 (55. g5 $18 {Black must now prevent g6.} Kd2 56. Ra6) 55... Kd4 $2 {[%mdl 8192]} (55... Kd3 $11) 56. h6 {White is clearly winning.} e3 57. Rf1 Ke4 58. Kh5 e2 59. Re1 Kf4 60. h7 Re5+ 61. Kg6 Re6+ 62. Kf7 {Precision: White = 82%, Black = 40%.} 1-0

[Event "Forni di Sopra Dolomiti 2018"]
[Site "Forni di Sopra"]
[Date "2018.06.14"]
[Round "7.4"]
[White "Terao, Juliana Sayumi"]
[Black "Bryzgalin, Kirill"]
[Result "1/2-1/2"]
[WhiteElo "2292"]
[BlackElo "2427"]
[Annotator "TA"]
[PlyCount "42"]
[EventDate "2018.??.??"]
[EventType "swiss"]
[EventCountry "ITA"]
[SourceTitle "playchess.com"]
[Source "ChessBase"]
[SourceQuality "1"]

{[%evp 17,42,20,20,17,37,25,64,9,11,16,20,0,0,-4,-2,0,-3,-13,-16,-36,-18,-12,0,0,0,0,14]} 1. e4 e5 2. Nf3 Nc6 3. Bb5 a6 4. Ba4 Nf6 5. d3 d6 6. c3 g6 7. O-O Bg7 8. Nbd2 O-O 9. Re1 b5 10. Bc2 {C77: Ruy Lopez: 3...a6 4 Ba4 Nf6, unusual lines} Bb7 11. a4 Re8 12. Nf1 (12. b4 $14) 12... Nb8 $11 13. Ng3 {[#]} c5 $146 ({Predecessor:} 13... Nbd7 14. d4 c5 15. dxe5 dxe5 16. Qe2 c4 17. Be3 Qc7 {0-1 (74) Hasanzade,T (2350)-Aleksandrov,A (2594) Nakhchivan 2018}) 14. d4 exd4 15. cxd4 Nc6 16. d5 Nb4 17. Bg5 Qc7 18. axb5 axb5 {[#] ...Rxa1 is the strong threat.} 19. Rxa8 {The position is equal.} Bxa8 20. Bb1 Nd7 21. Qc1 Bb7 1/2-1/2

[Event "Forni di Sopra Dolomiti 2018"]
[Site "Forni di Sopra"]
[Date "2018.06.14"]
[Round "7.5"]
[White "Martinez, Ayelen"]
[Black "Qendro, Llambi"]
[Result "0-1"]
[WhiteElo "2209"]
[BlackElo "2334"]
[Annotator "TA"]
[PlyCount "98"]
[EventDate "2018.??.??"]
[EventType "swiss"]
[EventCountry "ITA"]
[SourceTitle "playchess.com"]
[Source "ChessBase"]
[SourceQuality "1"]

{[%evp 14,98,10,0,11,0,12,2,34,30,59,52,83,58,51,53,61,47,46,26,9,-10,54,53,73,68,78,61,88,62,115,57,69,68,85,81,204,186,293,201,242,200,226,180,188,187,212,191,236,218,234,188,263,0,0,0,0,0,0,-932,0,0,0,-897,-889,-965,-925,-993,-556,-974,-972,-1085,-981,-1131,-1064,-1112,-1104,-1191,-1190,-1138,-1081,-1755,-1722,-29980,-1116,-1118,-947]} 1. e4 g6 2. d4 Bg7 3. Nc3 c6 4. Nf3 d6 5. Be3 Qb6 6. Qd2 {B06: Modern Defence} Qxb2 7. Rb1 Qa3 8. Bc4 {LiveBook: 10 Games. The position is equal.} Nd7 $146 ({Predecessor:} 8... Nf6 9. O-O O-O 10. e5 dxe5 11. Nxe5 e6 12. Rb3 Qd6 13. Bf4 {0-1 (31) Akopian,V (2682)-Iordachescu,V (2583) Yerevan 2014}) 9. Ng5 e6 10. O-O {next Rb3 is good for White.} Nb6 11. Bd3 {[%mdl 1024] White has compensation.} h6 12. Nf3 Nf6 13. h3 d5 14. e5 Nfd7 15. g3 Qe7 16. Ne1 c5 17. Nb5 {Black must now prevent dxc5.} O-O (17... cxd4 $11 18. Bxd4 O-O) 18. Bxh6 $14 cxd4 19. Bxg7 (19. Nxd4 Nxe5 20. Bxg7 Kxg7 $17) 19... Kxg7 20. Nf3 ({Stronger than} 20. Nxd4 Nxe5 21. f4 Nec4 $17) 20... Nc5 21. Qf4 Bd7 {[#]} 22. Nbxd4 (22. Nd6 $1 $16) 22... Rac8 23. Nh2 Rh8 24. h4 Nxd3 (24... Nba4 $16 {was necessary.}) 25. cxd3 $18 Rc3 (25... Bc6 {keeps fighting.} 26. Ng4 Qd8) 26. Rfd1 {[%cal Bf1d1,Bd1d2,Bd2c2][%mdl 32]} Ra3 27. Rd2 Ra4 28. Rc1 Bc6 29. Nhf3 Rb4 30. Rdc2 Rc8 31. Nh2 Rh8 32. Ng4 Ra4 (32... g5 {is a better defense.} 33. hxg5 Rxd4 34. Qxd4 Qxg5) 33. Qe3 $2 ({White should try} 33. Qf6+ $18 Qxf6 34. exf6+ Kg8 35. Nxc6 bxc6 36. f4) 33... Qb4 $11 34. Qg5 ({Not} 34. Nxc6 $2 Qxg4 35. Ne7 (35. Nxa7 $2 d4 $19) 35... Rxh4 $19) 34... Qxd4 35. Qf6+ Kg8 36. Qd8+ $2 {[%mdl 8192]} (36. Nh6+ $11 Rxh6 37. Qd8+ Kh7 38. Qf6) 36... Kg7 37. Qf6+ Kg8 38. Qd8+ Kh7 39. Nf6+ Kg7 40. Qd6 Qb4 41. Rc5 Rxa2 42. Qe7 Qd2 43. Rf1 Nc8 44. Qc7 Qxd3 45. Rxc6 bxc6 46. Qxc6 Ne7 47. Ne8+ {[#]} Rxe8 $1 48. Qxe8 Ng8 (48... Nf5 $142 49. Qd8 {[#]} Nxg3 $1 {[%mdl 512]} 50. Qf6+ Kg8 51. Rc1 Ne2+ 52. Kh2 Nxc1 53. Qd8+ Kh7 54. Qf6 Qf5 55. Qxf5 gxf5 56. Kh3 d4 57. h5 d3 58. Kh4 Kh6 59. Kg3 d2 60. Kg2 d1=Q 61. Kh2 Rxf2+ 62. Kg3 Qg1+ 63. Kh4 Qh2#) 49. Qc8 Qd4 {Precision: White = 57%, Black = 35%.} 0-1

[Event "Forni di Sopra Dolomiti 2018"]
[Site "Forni di Sopra"]
[Date "2018.06.14"]
[Round "7.6"]
[White "Di Benedetto, Desiree"]
[Black "Strikovic, Aleksa"]
[Result "0-1"]
[WhiteElo "2293"]
[BlackElo "2493"]
[Annotator "TA"]
[PlyCount "132"]
[EventDate "2018.??.??"]
[EventType "swiss"]
[EventCountry "ITA"]
[SourceTitle "playchess.com"]
[Source "ChessBase"]
[SourceQuality "1"]

{[%evp 17,132,65,60,49,50,-114,28,23,31,-8,19,14,22,-40,-37,-38,-37,-29,-26,-50,-49,-52,-44,-69,-52,-72,-66,-74,-72,-74,-65,-84,-86,-95,-73,-74,-66,-81,-70,-70,-70,-66,-70,-72,-81,-83,-68,-95,-83,-120,-54,-125,-72,-95,-102,-114,-43,-42,-32,-27,0,0,0,0,0,-17,-8,-33,-25,-29,0,-14,-11,-228,-212,-333,-337,-329,-295,-236,-200,-367,-385,-527,-483,-875,-343,-340,-352,-318,-163,-427,-427,-534,-533,-728,-713,-1515,-1510,-1430,-1287,-3999,-1282,-29995,-1858,-1781,-1781,-1604,-1562,-29990,-29991,-29991,-29989,-29989,-29988,-29982,-29983]} 1. d4 c5 2. d5 e5 3. c4 d6 4. e4 g6 5. Nc3 Bg7 6. g3 Nf6 7. Bg2 O-O 8. Nge2 Nbd7 9. O-O {E72: King's Indian: 4 e4 d6 5 g3} Nh5 {LiveBook: 4 Games} (9... a6 10. a4 Ng4 11. f3 Nh6 12. Be3 f5 13. Qd2 Nf7 14. exf5 gxf5 15. f4 Nf6 16. fxe5 Nxe5 {1-0 (39) Carlsen,M (2714)-Korotylev,A (2600) Moscow 2007}) 10. Be3 f5 11. Qd2 $2 {[#]} (11. exf5 $14 gxf5 12. f3) 11... Nb6 $146 (11... f4 $1 $17 {White must now prevent ...Bh6.} 12. gxf4 Nb6) ({Predecessor:} 11... f4 12. gxf4 Nb6 13. f5 Nxc4 14. Qc1 Nxe3 15. Qxe3 gxf5 16. exf5 Bxf5 {0-1 (30) Cruz Filho,O-Eliskases,E Rio de Janeiro 1952}) 12. Qd3 $1 $11 f4 13. Bc1 g5 14. f3 Nf6 15. g4 ({White should play} 15. Bd2 $11) 15... h5 16. h3 Rf7 17. Kf2 Nbd7 18. Ng1 Nf8 19. Ke1 Ng6 20. Kd1 Nh4 21. Bh1 Bf8 22. Kc2 Rh7 23. Bd2 Be7 24. a3 Bd7 25. Qe2 a6 26. a4 b6 27. Be1 Ng6 28. Bg2 Rb8 29. Rf2 Ne8 30. Bf1 Nc7 31. Qd1 Qc8 32. Rg2 Kf7 33. Bd3 Qb7 (33... hxg4 $17 {And now ...g3 would win.} 34. hxg4 Qb7) 34. Qb1 (34. Qe2 $15) 34... Rbh8 ({Black should try} 34... b5 35. gxh5 Rxh5 36. axb5 axb5 37. cxb5 Nxb5 38. Nxb5 Bxb5) 35. Be2 hxg4 36. fxg4 Rxh3 (36... Rb8 $17 37. b3 b5 38. axb5 axb5) 37. Nxh3 $15 Rxh3 38. Bd2 Nh4 39. Rg1 $1 Qc8 40. Qf1 Rh2 41. Nd1 Ne8 $36 {[%mdl 2048] Black has good play.} 42. Nf2 Nf6 43. Ra3 Kg7 (43... Rxf2 $5 44. Qxf2 Nxe4 $11) 44. a5 bxa5 45. Rxa5 $2 (45. Kc1 $11) 45... f3 $19 46. Bd3 (46. Bd1 $142) 46... Nxg4 47. Nxg4 Bxg4 48. Rh1 Rg2 49. Kc1 $2 (49. Ra1) 49... Bh5 50. Rg1 g4 51. Rxg2 (51. Be1 $142 Bg5+ 52. Kb1) 51... Nxg2 $2 (51... fxg2 52. Qg1 g3) 52. Qh1 Kg6 53. Bf1 Nf4 (53... Bg5 $142 54. Bxg5 (54. Bxg2 $2 Bxd2+ 55. Kxd2 Qb7 $19) 54... Kxg5 55. Bxg2 Qf8) 54. Be1 $2 (54. Qh2) 54... Bg5 55. Kc2 Kg7 56. Ra3 Bg6 57. Bd3 Nxd3 58. Kxd3 Qb7 59. b3 {[#]} Qf7 (59... Bxe4+ $142 $1 {[%mdl 512]} 60. Kxe4 Qf7) 60. Qg1 Bxe4+ (60... Qf4 $142 61. Qxc5 Qxe4+ 62. Kc3 Qxe1+ 63. Kb2 Qc1+ 64. Ka2 Qb1#) 61. Kc3 Qf4 {[%cal Rf4c1]} 62. Ra1 Bf5 63. Rd1 Qe4 {[%csl Gf5][%cal Re4c2] Black mates.} 64. Qh2 Bf4 65. Qa2 Qe3+ 66. Kb2 Qe2+ {Precision: White = 35%, Black = 55%.} 0-1